000 01009nam a22003257a 4500
003 CHAP
005 20220329141522.0
008 971013s1987 r 00010 d
010 _a69447
011 _a70419
035 _a79900
040 _cCHAP
090 _aFolleto 12376
110 _aPrograma de las Naciones Unidas para el Medio Ambiente
_992307
245 _aReseña del PNUMA
260 _aNairobi, Kenia :
_bPNUMA,
_c1987
300 _a36 p.
500 _a34-101
590 _aBATCH-UPD
_b10
_c20130110
_lUCH01
_h1432
590 _aBATCH-UPD
_b10
_c20130410
_lUCH01
_h0908
590 _aBATCH-UPD
_b10
_c20130914
_lUCH01
_h1808
590 _aCONVERSION
_b10
_c20130109
_lUCH01
_h1338
650 1 4 _aMedio ambiente
_xProtección.
_974106
650 1 4 _aProductos químicos
_xMedidas de seguridad.
_992224
650 1 4 _aSuelos
_xDegradación.
_9110336
650 1 4 _aTierras
_xRecuperación de.
_9113120
901 _aBK
942 _cFOLL
949 _aFolleto 12376
_bBC
_cFOLL
_d-32790
_eTS1
_i79900
_mD
_si
999 _c69447
_d69447